Methods of research, thesis writing and applied statistics (Record no. 9530)

MARC details
000 -LEADER
fixed length control field 00796nam a22002297a 4500
003 - CONTROL NUMBER IDENTIFIER
control field OSt
005 - DATE AND TIME OF LATEST TRANSACTION
control field 20260421025314.0
008 - FIXED-LENGTH DATA ELEMENTS--GENERAL INFORMATION
fixed length control field 260421b |||||||| |||| 00| 0 eng d
020 ## - INTERNATIONAL STANDARD BOOK NUMBER
International Standard Book Number 971-08-7091-2
040 ## - CATALOGING SOURCE
Original cataloging agency OC
Transcribing agency DWC-Main lib
082 ## - DEWEY DECIMAL CLASSIFICATION NUMBER
Classification number Fil. 001.42 Z94m 2010
100 ## - MAIN ENTRY--PERSONAL NAME
Personal name Zulueta, F.
245 ## - TITLE STATEMENT
Title Methods of research, thesis writing and applied statistics
Statement of responsibility, etc. Zulueta, Francisco M.
260 ## - PUBLICATION, DISTRIBUTION, ETC.
Place of publication, distribution, etc. Mandaluyong City :
Name of publisher, distributor, etc. National Book Store,
Date of publication, distribution, etc. c2010
300 ## - PHYSICAL DESCRIPTION
Extent xi, 304 pages :
Other physical details illustration ;
Dimensions 23 cm.
504 ## - BIBLIOGRAPHY, ETC. NOTE
Bibliography, etc. note Includes bibliographical references
650 ## - SUBJECT ADDED ENTRY--TOPICAL TERM
Topical term or geographic name entry element 1. Report writing
650 ## - SUBJECT ADDED ENTRY--TOPICAL TERM
Topical term or geographic name entry element 2. Research - Methods.
651 ## - SUBJECT ADDED ENTRY--GEOGRAPHIC NAME
Geographic name 3. Statistics
700 ## - ADDED ENTRY--PERSONAL NAME
Personal name Perez, Jose R.
Relator term Author
942 ## - ADDED ENTRY ELEMENTS (KOHA)
Source of classification or shelving scheme Dewey Decimal Classification
Koha item type Book-Filipiniana
Classification part Fil. 001.42 Z94m 2010
Call number prefix Fil.
Suppress in OPAC No
952 ## - LOCATION AND ITEM INFORMATION (KOHA)
--
952 ## - LOCATION AND ITEM INFORMATION (KOHA)
--
Holdings
Withdrawn status Lost status Source of classification or shelving scheme Damaged status Not for loan Home library Current library Shelving location Date acquired Source of acquisition Total Checkouts Full call number Barcode Date last seen Copy number Price effective from Koha item type Uniform Resource Identifier
    Dewey Decimal Classification     College Library College Library Filipiniana 10/09/2012 School Fund   Fil. 001.42 Z94m 2010 CL49650 04/21/2026 c2 04/21/2026 BK - FIL
    Dewey Decimal Classification     College Library College Library Filipiniana 10/09/2012 School Fund   Fil. 001.42 Z94m 2010 CL16113 04/21/2026 c2 04/21/2026 BK - FIL